Statistics for Spanish Vocabulary Words That Start With R

Click here to take the quiz!

General Stats

  • This quiz has been taken 2,828 times
  • The average score is 36 of 55

Answer Stats

English español % Correct
redrojo
93%
rapidlyrápidamente
92%
richrico
91%
roserosa
89%
clothingropa
89%
restaurantrestaurante
88%
riverrío
87%
rareraro
85%
reservationreserva
84%
realityrealidad
83%
clockreloj
82%
religionreligión
80%
kingrey
79%
giftregalo
79%
queenreina
79%
to breakromper
78%
to receiverecibir
77%
to repeatrepetir
77%
to resistresistir
76%
to respondresponder
76%
reasonrazón
75%
ratrata
75%
to repairreparar
75%
to recommendrecomendar
74%
to rememberrecordar
72%
reactionreacción
71%
to laughreír
71%
to robrobar
70%
noiseruido
69%
to breatherespirar
67%
brokenroto
66%
routinerutina
63%
to solveresolver
62%
kneerodilla
62%
to registerregistrar
62%
to relaxrelajar
60%
rhythmritmo
60%
ruleregla
59%
frograna
57%
meetingreunión
54%
respectrespeto
52%
networkred
51%
to recognizereconocer
50%
to returnregresar
49%
rockroca
47%
recipereceta
46%
soft drinkrefresco
44%
UKreino unido
42%
rootraíz
40%
receiptrecibo
38%
kidneysriñones
35%
replyrespuesta
28%
to waterregar
26%
to recoverrecuperar
24%
withdrawretirar
22%

Score Distribution

Percentile by Number Answered

Percent of People with Each Score

Your Score History

You have not taken this quiz